Statystyki dla Quiz wiedzy o Kosmologii

Kliknij tutaj aby rozwiązać quiz!

Ogólne statystyki

  • Ten quiz został rozwiązany 10 razy
  • Średni wynik to 3 z 20

Statystyki odpowiedzi

HintOdpowiedź% Poprawnych
Jak nazywa się teoria opisująca powstanie Wszechświata?wielki wybuch
100%
Ile generacji cząstek obejmuje Model Standardowy?3
40%
Na ile sił podzieliła się tzw. "siła pierwotna" powstała po narodzinach Wszechświata?4
40%
Ile wynosi wiek Wszechświata?13,8
30%
W Modelu Standardowym dzielimy cząstki materii na leptony i...?kwarki
20%
Jak nazywa się odpowiednik elektronu w antymaterii?pozyton
20%
Jakie zwierzęta odkrywcy "echa" obwiniali za jego występowanie?gołębie
10%
Jak nazywa się hipoteza wedle, której Wszechświat przeszedł fazę szybkiego rozszerzenia się spowodowanego ujemnym ciśnieniem?inflacja
10%
A na poziomie mikroskopowym?mechanika kwantowa
10%
Jak nazywa się teoria opisująca działanie Wszechświata na poziome makroskopowym?teoria względności
10%
Ile wynosi temperatura "echa" (w Kelwinach)?3
0%
Kto zaproponował powyższą hipotezę?Alan Guth
0%
Jak nazywała się publikacja opisująca pierwotną nukleosyntezę? (Od nazwisk autorów)alfa beta gamma
0%
Jak nazywali się odkrywcy wspomnianego "echa"?Arno Penzias i Robert Wilson
0%
Jak nazywa się cząstka, której pole spowodowało, że cząstki we wczesnym Wszechświecie nabrały masy?bozon higgsa
0%
Czym w modelu Lamba-CDM jest lambda?ciemna energia
0%
Jak nazywała się pierwsza era w dziejach Wszechświata?era plancka
0%
Kto jest pomysłodawcą powyższej teorii?Georges Lemaitre
0%
Jak nazywa się "echo" powstałe po narodzinach Wszechświata?mikrofalowe promieniowanie tła
0%
W jakim ośrodku badawczym odkryto to "echo"?w laboratoriach bella
0%

Rozkład punktacji

Percentyl według liczby udzielonych odpowiedzi

Procent ludzi z każdym wynikiem

Twoja historia wyników

Nie rozwiązałeś tego quizu